000 00474nam a2200181Ia 4500
008 240925s9999 xx 000 0 und d
020 _a9812530576
082 _a621.3192 DOR
100 _aDorf, Richard C.
245 0 _aInteroduction to Electric Circuits
250 _a6th
260 _aNew York:
_bJohn Wiley & Sons
_c,2004.
300 _axx,556p.
_bNA
_fOriginal
500 _aIncludes Index
600 _aElectronic Engineering
650 _aTechnology
942 _cBK
999 _c8343
_d8343